| 000 | 01044cam a22003377a 4500 | ||
|---|---|---|---|
| 003 | CHAP | ||
| 005 | 20220329142611.0 | ||
| 008 | 020327d1998 mx r 00110 spa d | ||
| 010 | _a85527 | ||
| 011 | _a86499 | ||
| 020 | _a9686708383 | ||
| 035 | _a97037 | ||
| 040 | _cCHAP | ||
| 082 | 0 | 4 |
_a532.5 _bL4 |
| 100 | 0 | 0 |
_aLevenspiel, O. _966432 |
| 245 | 1 | 0 |
_aFlujo de fluidos e intercambio de calor _c/por O. Levenspiel |
| 260 |
_aMéxico, D.F. : _bReverte, _c1998. |
||
| 300 |
_a373 p. : _bilus. : gráfs. |
||
| 590 |
_aBATCH-UPD _b10 _c20130110 _lUCH01 _h0748 |
||
| 590 |
_aBATCH-UPD _b10 _c20130410 _lUCH01 _h0428 |
||
| 590 |
_aBATCH-UPD _b10 _c20130914 _lUCH01 _h0820 |
||
| 590 |
_aCONVERSION _b10 _c20130109 _lUCH01 _h1347 |
||
| 650 | 1 | 4 |
_aCalor _xTransmisión. _917579 |
| 650 | 1 | 4 |
_aDinámica de fluídos. _932627 |
| 650 | 1 | 4 |
_aFluídos. _941896 |
| 650 | 1 | 4 |
_aMecánica de fluídos. _973821 |
| 901 | _aBK | ||
| 905 | _aMayto Villalobos S. | ||
| 942 | _cLIBRO | ||
| 949 |
_a532.5 L4 _bBC _cLIBRO _d33724000866059 _eLIBRO _h102223 _i97037 _si _t$148.00 |
||
| 999 |
_c85527 _d85527 |
||